| 000 | 00489cam a2200133 i 4500 | ||
|---|---|---|---|
| 082 |
_a951.5 _bMCG |
||
| 100 | 1 |
_aMcGovern, William Montgomery, _950323 |
|
| 245 | 1 | 0 |
_aTo Lhasa in disguise : _ba secret expedition through mysterious Tibet / _cby William Montgomery McGovern. |
| 260 |
_a[New York] : _bGrosset & Dunlap, _c1924. |
||
| 300 |
_aix, 462 p., [4] leaves of plates : _bill., map, port. ; _c23 cm. |
||
| 526 |
_a0 _b0 _c0 _d951_500000000000000_MCG |
||
| 650 |
_aMCE _9379 |
||
| 942 |
_2ddc _cBK |
||
| 999 |
_c553048 _d553048 |
||